A carregar...
Saahithya manjari
| Autor principal: | |
|---|---|
| Formato: | Printed Book |
| Publicado em: |
Kozhikode, Poornima
1991
|
| Colecção: | 2
|
| LEADER | 004070000a22001330004500 | ||
|---|---|---|---|
| 040 | |a MAL | ||
| 082 | |a A1 NAR2/SA E6.2 | ||
| 100 | |a Narayana Menon, Vallathol | ||
| 245 | |a Saahithya manjari | ||
| 260 | |a Kozhikode, Poornima | ||
| 260 | |c 1991 | ||
| 490 | |a 2 | ||
| 999 | |c 20105 |d 20105 | ||
| 952 | |0 0 |1 0 |4 0 |6 A_1_NAR2SA_E6_200000000000000 |7 0 |8 MAL |9 19920 |a MGUL |b MGUL |d 2013-07-16 |l 0 |o A1 NAR2/SA E6.2 |p 21506 |r 2013-07-16 |w 2013-07-16 |y BK | ||